1084 1180 1705 1945 1585 1609 1709 1692 1839 1382 1592 1903 1425 1960 1176 1012 1957 1959 1411 1637 1876 1254 1256 1875 1738 1126 1379 1074 1357 1285 1827 1794 1490 1444 1655 1898 1327 1114 1098 1679 1247 1166 1835 1430 1274 1725 1012 1884 1271 1403 1408 1457 1453 1319 1561 1387 1804 1435 1794 1830 1580 1168 1074 1093 1379 1272 1797 1523 1301 1801 1841 1671 1742 1283 1970 1603 1669 1141 1824 1088 1731 1992 1090 1778 1357 1254 1768 1843 1030 1044 1239 1550 1419 1650 1925 1447 1100 1183 1954 BCNSPRNW ULIB Ver.6.0+V

เปลี่ยนเป็นภาษาไทย

Change to English
 แสดงรายละเอียดบรรณานุกรม
  กลับหน้าหลัก

Brief Record : Get Marc (ISO 2709) : E-mail record : QR code < ปิดหน้าต่าง
LEADER : 00000nam 2200000uu 4500
001    13399111635
003     ULIB
008    110704s||||||||th 000 0 tha d
020    9789749332306
050 04 BQ4570^bส243ว 2551
100 0  เจริญ,^cสมเด็จพระสังฆราช,^d2456-
245 10 วิธีสร้างบุญบารมี /^cสมเด็จพระญาณสังวร สมเด็จพระสังฆราชสกลมหาสังฆปริณายก
260    กรุงเทพฯ :^bพิมพ์สวย,^c2550
300    37 หน้า
500    เผยแผ่เป็นธรรมทานเพื่อถวายเป็นพระราชกุศลแด่พระบาทสมเด็จพระเจ้าอยู่หัวภูมิพลอดุลยเดชมหาราช เนื่องในวโรกาสวันเฉลิมพระชนมพรรษา 80 พรรษา
650  7 ธรรมะ
710 20 กองทุนธรรมวิหาร
945    ^p0^l0^i023276
945    ^p0^l0^i023274
945    ^p0^l0^i023275
995    ทศพร
999 ^a ใช้งานได้ทุกระบบ
รายการนี้ยังไม่มีแท็ก
คุณยังไม่ได้ล็อกอิน คุณสามารถมีกิจกรรมร่วมกับเว็บไซต์ได้ แต่ต้องล็อกอินก่อน ::
  ล็อกอิน

รายการสื่อสารสนเทศ

ลำดับที่ ประเภท เลขเรียก/บาร์โค้ด สถานที่ สถานะ
- ไม่พบข้อมูล -

รายการใกล้เคียง
    หัวเรื่อง [ธรรมะ]

BibComment


ยังไม่เคยถูกคอมเมนท์

คอมเมนท์ทรัพยากรรายการนี้
  คอมเมนท์: วิธีสร้างบุญบารมี..


 Copyright 2026. Bcnsprnw @Library